000 02961pam a2200805 c 4500
001 1192524381
003 DE-101
005 20260217130113.0
007 tu
008 190809s2019 gw ||||| |||| 00||||ger
015 _a20,A12
_z19,N33
_2dnb
016 7 _2DE-101
_a1192524381
020 _a9783842046160
_cBroschur : EUR 6.99 (DE), EUR 7.25 (AT)
020 _a3842046162
024 3 _a9783842046160
035 _a(DE-599)DNB1192524381
035 _a(OCoLC)1112232825
040 _a1245
_bger
_cDE-101
_d9999
_erda
041 _ager
_hjpn
044 _cXA-DE-HH
082 7 4 _82\p
_a741.5
_qDE-101
_223sdnb
100 0 _0(DE-588)1170929893
_0https://d-nb.info/gnd/1170929893
_0(DE-101)1170929893
_aMiman
_eVerfasser
_4aut
_eKünstler
_4art
_2gnd
240 1 0 _aKimiiro shōjo
245 1 0 _aMädchen in all ihren Farben
_cMiman
250 _a1. Auflage, deutsche Ausgabe
264 1 _aHamburg
_bTOKYOPOP
_c2019
300 _a176 Seiten
_c19 cm
336 _aText
_btxt
_2rdacontent
336 _aunbewegtes Bild
_bsti
_2rdacontent
337 _aohne Hilfsmittel zu benutzen
_bn
_2rdamedia
338 _aBand
_bnc
_2rdacarrier
490 0 _aGirls love
653 _a(Produktform)Paperback / softback
653 _a(Zielgruppe)Junge Erwachsene
653 _a(Zielgruppe)Kinder/Jugendliche
653 _a(Zielgruppe)ab 15 Jahre
653 _agirls love manga
653 _agirls love oneshot
653 _akurzgeschichten
653 _algtbq manga
653 _amiman
653 _aromance
653 _ashojo manga
653 _ashoujo manga
653 _ayuri manga
653 _a(VLB-WN)2182: Taschenbuch / Belletristik/Comic, Cartoon, Humor, Satire/Manga, Manhwa
653 _a(BISAC Subject Heading)CGN004050
653 _a(BISAC Subject Heading)CGN004250
653 _aGirls Love
653 _aGL
653 _aYuri
653 _aComedy
653 _aSchool Life
653 _aSlice of Life
653 _aKawaii
653 _aGirl meets Girl
653 _aLGBTQ
653 _aLesbisch
653 _aJunge Liebe
653 _aErste Erfahrungen
655 7 _0(DE-588)4010427-8
_0https://d-nb.info/gnd/4010427-8
_0(DE-101)040104273
_aComic
_2gnd-content
700 1 _0(DE-588)1076028837
_0https://d-nb.info/gnd/1076028837
_0(DE-101)1076028837
_aMaser, Verena
_eÜbersetzer
_4trl
_2gnd
710 2 _81\p
_0(DE-588)7538845-5
_0https://d-nb.info/gnd/7538845-5
_0(DE-101)980855691
_aTokyopop GmbH
_eVerlag
_4pbl
_2gnd
776 0 8 _iErscheint auch als
_nOnline-Ausgabe
_aMiman <Online-Ausgabe>
_tMädchen in all ihren Farben
_dHamburg : TOKYOPOP Verlag, 2022
_hOnline-Ressource, 196 Seiten
_w(DE-101)1264127332
856 4 2 _mB:DE-101
_qapplication/pdf
_uhttps://d-nb.info/1192524381/04
_3Inhaltsverzeichnis
883 1 _81\p
_aadb
_d20211004
_qDE-101
_uhttps://d-nb.info/provenance/plan#adb
883 2 _82\p
_adnb
_d20200312
_qDE-101
_uhttps://d-nb.info/provenance/plan#dnb
942 _2ddc
_cMGA
_n0
999 _c1515
_d1515